Vývoj a tvorba európskeho plne integrovaného vnútorného trhu s energiami diplomová práca

Uložené v:
Podrobná bibliografia
Hlavný autor: Tekeľ, Andrej
Korporativný autor: Národohospodárska fakulta EU. Katedra financií
Ďalší autori: Bašová, Alena, 1961-
Médium: Kniha
Jazyk:Slovak
Vydavateľské údaje: Bratislava 2016
Tagy: Pridať tag
Žiadne tagy, Buďte prvý, kto otaguje tento záznam!

MARC

LEADER 00000nbm a2200000 4500
001 0218014
005 20170104141235.4
041 0 |a slo 
044 |a SK 
245 1 0 |a Vývoj a tvorba európskeho plne integrovaného vnútorného trhu s energiami  |b diplomová práca  |c Andrej Tekeľ ; školiteľ: Alena Bašová 
264 1 |a Bratislava  |c 2016 
300 |a 70 s. 
100 1 |a Tekeľ, Andrej 
700 1 |a Bašová, Alena, 1961- 
710 2 |a Národohospodárska fakulta EU. Katedra financií